00442nam a2200157Ia 45000010006000000050017000060080041000230410008000640820023000721000027000952450105001222600009002273000032002366500008002686540008002761586120260306170227.0260306t2009||||xx |||||||||||||| ||und|| aESP a620.112bA174 V. 2 aAshby, Michael F.eAUT 0aMateriales para ingeniería 2:bintroducción a la microestructura, el procesamiento y el diseño c2009 axv, 490 páginas :c24 cm. aGEN aCIC